| 000 | 01281nam a2200241Ia 4500 | ||
|---|---|---|---|
| 999 |
_c52000 _d52000 |
||
| 001 | 19004 | ||
| 003 | GE_BSU | ||
| 005 | 20210427122949.0 | ||
| 008 | 181216s||||||||xx |||||||||||||| ||und|| | ||
| 040 | _cGE_BSU | ||
| 041 | _ageo | ||
| 080 | _a81 Д-44 | ||
| 100 |
_aДиасамидзе, Лейла _911645 |
||
| 245 |
_aТексттипологическая интерпретация жанра «анекдот» (на материале английского, его американского варианта и грузинского языков) / _cЛейла Диасамидзе; Научный руководитель Давид Гоциридзе; Батумский гос. унивеситет. |
||
| 264 |
_aБатуми, _c2012. |
||
| 300 |
_a144 стр. ; _b30 см. |
||
| 653 | _aДиссертация | ||
| 653 | _aТексттипологическая интерпретация жанра «анекдот» (на материале английского, его американского варианта и грузинского языков) | ||
| 653 | _aЯзыкознание | ||
| 653 | _aდისერტაცია | ||
| 700 |
_aГоциридзе, Давид _eНаучный руководитель _911646 |
||
| 942 |
_cBK _2udc |
||